000
00219nam a2200097Ia 4500
008
220204s9999 xx 000 0 und d
082
_a
82-3
_b
NAR
100
_a
Narenderpal Singh
245
0
_a
Scandal village
942
_c
BK
999
_c
37539
_d
37539